Geostatistics for environmental scientists

Αποθηκεύτηκε σε:
Λεπτομέρειες βιβλιογραφικής εγγραφής
Κύριος συγγραφέας: Webster, R.
Άλλοι συγγραφείς: Oliver, M. A. (Margaret A.)
Μορφή: Βιβλίο
Γλώσσα:English
Δημοσίευση: Chichester, England; New York : John Wiley & Sons, c2001
Σειρά:Statistics in practice
Θέματα:
Ετικέτες: Προσθήκη ετικέτας
Δεν υπάρχουν, Καταχωρήστε ετικέτα πρώτοι!

MARC

LEADER 00000nam a2200000 i 4500
001 1/47131
008 070629s2001 eng d
020 |a 0-471-96553-7 
035 |l 10088560 
040 |a GR-MY-UA  |b gre  |e aacr 
041 0 |a eng 
082 0 |a 550.72  |2 (22) 
100 1 |a Webster, R. 
245 1 0 |a Geostatistics for environmental scientists /  |c Richard Webster, Margaret Oliver 
260 |a Chichester, England; New York :   |b John Wiley & Sons,   |c c2001 
300 |a xi, 271 σ.;  |b εικ.;  |c 24 εκ. 
490 1 |a Statistics in practice 
504 |a Περιέχει βιβλιογραφία (σ. 257-264) και ευρετήριο 
650 0 0 |a Geology  |x Statistical methods. 
650 0 0 |a Environmental sciences  |x Statistical methods. 
700 1 |a Oliver, M. A.  |q (Margaret A.) 
830 0 |a Statistics in practice 
852 |a INST  |b LESVOS  |e 20070629  |h 550.72 WEB  |p 005100037971  |q 005100037971  |t BK  |y 0 
901 |a BIBL1-2007-2 
909 |a Λ  |b 135401 
922 |a 1ΕΛΗ  |b 200706  |c ΕΠΕΑΕΚ2/ΤΓ  |d ΠΑΠΑΣΩΤΗΡΙΟΥ 
970 |a ΚΑΡΑ  |b ΓΙΑΣΕΜΗ  |z 2007/06/29